Normal view
MARC view
Entry Meeting Name
001 - CONTROL NUMBER
- control field: 19567
003 - CONTROL NUMBER IDENTIFIER
- control field: ARRUPE
005 - DATE AND TIME OF LATEST TRANSACTION
- control field: 20150909122157.0
008 - FIXED-LENGTH DATA ELEMENTS
- fixed length control field: 150909|| aca||aabn | a|a d
040 ## - CATALOGING SOURCE
- Original cataloging agency: ARRUPE
- Transcribing agency: ARRUPE
111 ## - HEADING--MEETING NAME
- Meeting name or jurisdiction name as entry element: P.S.A. Critical Research Problems Conference
- Date of meeting: (1977 :
- Location of meeting: Reston, Va.)
670 ## - SOURCE DATA FOUND
- Source citation: Work cat.: (ARRUPE)0: P.S.A. Critical Research Problems Conference (1977 : Reston, Va.), Current research in philosophy of science :, 1979.